[Event "Curitiba Parana op"]
[Site "Curitiba"]
[Date "2023.04.21"]
[Round "2"]
[White "Calcado, Acyr Rogerio"]
[Black "Rech, Vinicius Savaris"]
[Result "1-0"]
[WhiteElo "2150"]
[BlackElo "1677"]
[PlyCount "121"]
[EventDate "2023.04.21"]
[EventType "swiss"]
[EventRounds "6"]
[EventCountry "BRA"]
[SourceTitle "CBM 214 Extra"]
[Source "ChessBase"]
[SourceDate "2023.07.31"]
[SourceVersion "1"]
[SourceVersionDate "2023.07.31"]
[SourceQuality "1"]

1. c4 Nf6 2. Nc3 e5 3. g3 d5 4. cxd5 Nxd5 5. Bg2 Nxc3 6. bxc3 c6 7. Nf3 Qc7 8. 0-0 Be7 9. d4 exd4 10. cxd4 Nd7 11. e4 Nf6 12. Bf4 Qd8 13. Ne5 Be6 14. Rb1 Bc8 15. d5 cxd5 16. exd5 0-0 17. Nc4 Nd7 18. d6 Bf6 19. Qd2 Nc5 20. Na5 Bf5 21. Nxb7 Nxb7 22. Rxb7 Rc8 23. Rxa7 Rc2 24. Qa5 Qxa5 25. Rxa5 Be6 26. a4 Rd8 27. Bd5 Bh3 28. Rd1 g5 29. Be4 Ra2 30. Bxg5 Bxg5 31. Rxg5+ Kf8 32. Rgd5 Rxa4 33. R5d4 Rxd4 34. Rxd4 f5 35. Bg2 Bg4 36. f3 Bh5 37. Kf2 Kf7 38. Ke3 Ke6 39. Bh3 Bg6 40. Kf4 Kf6 41. Bf1 Be8 42. Bd3 Bd7 43. Bc2 Rc8 44. Ba4 Bxa4 45. Rxa4 Rc6 46. Rd4 Rc8 47. d7 Rd8 48. Rd6+ Ke7 49. Ke5 Rxd7 50. Rxd7+ Kxd7 51. Kxf5 Ke7 52. Ke5 Kf7 53. f4 Ke7 54. g4 Kf7 55. h4 Ke7 56. g5 Kf7 57. f5 Ke7 58. g6 hxg6 59. fxg6 Kf8 60. Kf6 Kg8 61. g7 1-0

[Event "Parana-ch"]
[Site "Maringa"]
[Date "2019.12.14"]
[Round "5"]
[White "Rech, Vinicius Savaris"]
[Black "Waterkemper, Wesley Nobuyuki Tom"]
[Result "1-0"]
[WhiteElo "1684"]
[BlackElo "1740"]
[PlyCount "73"]
[EventDate "2019.12.12"]
[EventType "swiss"]
[EventRounds "7"]
[EventCountry "BRA"]
[SourceTitle "CBM 193 Extra"]
[Source "ChessBase"]
[SourceDate "2020.01.31"]
[SourceVersion "1"]
[SourceVersionDate "2020.01.31"]
[SourceQuality "1"]

1. e4 c5 2. Nf3 Nc6 3. d4 cxd4 4. Nxd4 g6 5. Be3 Bg7 6. Nc3 Nf6 7. Bc4 Qb6 8. Ndb5 Qd8 9. f3 a6 10. Nd4 Qb6 11. Nf5 Qxb2 12. Nxg7+ Kf8 13. Na4 Qe5 14. Bh6 Kg8 15. Bd3 Qa5+ 16. c3 b5 17. Nb2 Qxc3+ 18. Qd2 Qd4 19. Nf5 Qe5 20. Bg7 e6 21. Bxh8 exf5 22. Bxf6 Qxf6 23. 0-0 Qd4+ 24. Kh1 fxe4 25. fxe4 Ne5 26. Qf2 Qxf2 27. Rxf2 Kg7 28. Rc1 Bb7 29. Rc5 Nxd3 30. Nxd3 Bxe4 31. Nb4 Ra7 32. Nd5 Rb7 33. Nc3 Bf5 34. Rb2 Bd3 35. a3 Bc4 36. Rxc4 bxc4 37. Rxb7 1-0

[Event "Parana-ch"]
[Site "Maringa"]
[Date "2019.12.13"]
[Round "4"]
[White "Calcado, Acyr Rogerio"]
[Black "Rech, Vinicius Savaris"]
[Result "1-0"]
[WhiteElo "2141"]
[BlackElo "1684"]
[PlyCount "70"]
[EventDate "2019.12.12"]
[EventType "swiss"]
[EventRounds "7"]
[EventCountry "BRA"]
[SourceTitle "CBM 193 Extra"]
[Source "ChessBase"]
[SourceDate "2020.01.31"]
[SourceVersion "1"]
[SourceVersionDate "2020.01.31"]
[SourceQuality "1"]

1. d4 Nf6 2. Bf4 d5 3. e3 Bf5 4. Nf3 e6 5. c4 c6 6. Qb3 Qb6 7. c5 Qxb3 8. axb3 Bxb1 9. Rxb1 Nh5 10. b4 Nxf4 11. exf4 Nd7 12. b5 Be7 13. Bd3 0-0 14. Kd2 g6 15. b4 a6 16. bxc6 bxc6 17. Ra1 Rfb8 18. Kc2 f6 19. Rxa6 Rxa6 20. Bxa6 Bd8 21. Rb1 Bc7 22. g3 Ra8 23. Bb7 Ra3 24. Rb3 Rxb3 25. Kxb3 Nb8 26. Ne5 Bxe5 27. fxe5 Kf8 28. b5 Ke7 29. bxc6 Nxc6 30. Bxc6 Kd8 31. Kb4 Kc7 32. Kb5 g5 33. g4 h6 34. h3 Kc8 35. Kb6 Kb8 1-0

[Event "Parana-ch"]
[Site "Maringa"]
[Date "2019.12.13"]
[Round "3"]
[White "Da Silva, Ulisses Lucas"]
[Black "Rech, Vinicius Savaris"]
[Result "0-1"]
[WhiteElo "1845"]
[BlackElo "1684"]
[PlyCount "33"]
[EventDate "2019.12.12"]
[EventType "swiss"]
[EventRounds "7"]
[EventCountry "BRA"]
[SourceTitle "CBM 193 Extra"]
[Source "ChessBase"]
[SourceDate "2020.01.31"]
[SourceVersion "1"]
[SourceVersionDate "2020.01.31"]
[SourceQuality "1"]

1. d4 Nf6 2. c4 g6 3. Nc3 Bg7 4. Nf3 0-0 5. h3 d6 6. e3 Nbd7 7. Be2 c5 8. Qc2 a6 9. 0-0 b5 10. cxb5 axb5 11. Bxb5 Bb7 12. Be2 Qa5 13. Qd2 Rfc8 14. Rd1 Bxf3 15. Bxf3 cxd4 16. exd4 Rab8 17. b3 0-1

[Event "Blumenau STD op"]
[Site "Blumenau"]
[Date "2018.09.30"]
[Round "5"]
[White "Rech, Vinicius Savaris"]
[Black "Espindola, Carlos Marcelo"]
[Result "0-1"]
[WhiteElo "1722"]
[BlackElo "1383"]
[PlyCount "104"]
[EventDate "2018.09.28"]
[EventType "swiss"]
[EventRounds "6"]
[EventCountry "BRA"]
[SourceTitle "EXT 2020"]
[Source "ChessBase"]
[SourceDate "2019.10.17"]
[SourceVersion "1"]
[SourceVersionDate "2019.10.17"]
[SourceQuality "1"]

1. e4 e5 2. Nf3 Nf6 3. Nxe5 d6 4. Nf3 Nxe4 5. Nc3 Nxc3 6. dxc3 Be7 7. Bd3 0-0 8. Be3 Nc6 9. Qd2 Be6 10. h3 a5 11. g4 Ne5 12. Nxe5 dxe5 13. a3 Bd5 14. Rg1 Bf3 15. Rg3 e4 16. Be2 Qxd2+ 17. Bxd2 Bh4 18. Rg1 Bxe2 19. Kxe2 Rfe8 20. Be3 Rad8 21. g5 f5 22. gxf6 Bxf6 23. Rg4 Rd5 24. a4 Rh5 25. Rd1 Rh4 26. Rd7 Rxg4 27. hxg4 Re7 28. Rd8+ Kf7 29. Bc5 Re5 30. Rd7+ Be7 31. Rxe7+ Rxe7 32. Bxe7 Kxe7 33. Ke3 Kf6 34. Kxe4 Kg5 35. f3 g6 36. b4 h5 37. gxh5 gxh5 38. bxa5 h4 39. Ke3 h3 40. Kf2 Kf4 41. c4 c5 42. Kg1 Kxf3 43. Kh2 Ke3 44. Kxh3 Kd2 45. Kg4 Kxc2 46. Kf4 Kd3 47. Ke5 Kxc4 48. Kd6 Kb4 49. Kd5 c4 50. Kd4 c3 51. a6 bxa6 52. Kd3 Kb3 0-1

[Event "Sao Paulo op-B U2050 7th"]
[Site "Sao Paulo"]
[Date "2018.04.01"]
[Round "6"]
[White "Frattini, Beatriz Maria"]
[Black "Rech, Vinicius Savaris"]
[Result "0-1"]
[WhiteElo "1363"]
[BlackElo "1682"]
[PlyCount "105"]
[EventDate "2018.03.30"]
[EventType "swiss"]
[EventRounds "6"]
[EventCountry "BRA"]
[SourceTitle "EXT 2021"]
[Source "ChessBase"]
[SourceDate "2020.10.23"]
[SourceVersion "1"]
[SourceVersionDate "2020.10.23"]
[SourceQuality "1"]

1. e4 e6 2. d4 d5 3. Nc3 Bb4 4. e5 c5 5. a3 Bxc3+ 6. bxc3 Ne7 7. Qg4 Qa5 8. Bd2 Qa4 9. Qxg7 Rg8 10. Qxh7 Nbc6 11. Nf3 Bd7 12. Qd3 Nf5 13. dxc5 Rg4 14. h3 Re4+ 15. Be2 Nb4 16. cxb4 Bb5 17. Qb3 Rxe2+ 18. Kd1 Qa6 19. a4 Rxf2 20. Ne1 Nd4 21. Qe3 Be2+ 22. Kc1 Qc4 23. Qxf2 Nb3+ 24. Kb2 Nxd2 25. Qg3 Qxb4+ 26. Kc1 Nc4 27. Qb3 Qd2+ 28. Kb1 Na5 29. Qb2 Rc8 30. Nd3 Bxd3 31. cxd3 Qxd3+ 32. Qc2 Qd4 33. Qh7 Qb4+ 34. Kc2 Rxc5+ 35. Kd1 Qd4+ 36. Ke2 Qxe5+ 37. Kf2 Rc4 38. Rhe1 Qf6+ 39. Kg1 Nb3 40. Rad1 Nd4 41. Qg8+ Kd7 42. Qb8 Rc7 43. Qxa7 Nf5 44. Rc1 Qd4+ 45. Qxd4 Nxd4 46. h4 Rxc1 47. Rxc1 Ne2+ 48. Kf2 Nxc1 49. h5 Nd3+ 50. Kf3 Ke7 51. Kg4 Kf6 52. h6 Ne5+ 53. Kg3 0-1

[Event "Sao Paulo op-B U2050 7th"]
[Site "Sao Paulo"]
[Date "2018.03.31"]
[Round "4"]
[White "Haman, Muhammad"]
[Black "Rech, Vinicius Savaris"]
[Result "1-0"]
[WhiteElo "1899"]
[BlackElo "1682"]
[PlyCount "26"]
[EventDate "2018.03.30"]
[EventType "swiss"]
[EventRounds "6"]
[EventCountry "BRA"]
[SourceTitle "EXT 2021"]
[Source "ChessBase"]
[SourceDate "2020.10.23"]
[SourceVersion "1"]
[SourceVersionDate "2020.10.23"]
[SourceQuality "1"]

1. e4 e6 2. Nf3 d5 3. exd5 exd5 4. d4 Bf5 5. Qe2+ Be7 6. Qb5+ c6 7. Qxb7 Nd7 8. Qxc6 Rc8 9. Qxd5 Rxc2 10. Nc3 Bg6 11. Bb5 Ngf6 12. Qb3 0-0 13. 0-0 Qc7 1-0

[Event "Sao Paulo op-B U2050 7th"]
[Site "Sao Paulo"]
[Date "2018.03.31"]
[Round "3"]
[White "Rech, Vinicius Savaris"]
[Black "Cordioli, Jairo Ribeiro"]
[Result "0-1"]
[WhiteElo "1682"]
[BlackElo "1875"]
[PlyCount "93"]
[EventDate "2018.03.30"]
[EventType "swiss"]
[EventRounds "6"]
[EventCountry "BRA"]
[SourceTitle "EXT 2021"]
[Source "ChessBase"]
[SourceDate "2020.10.23"]
[SourceVersion "1"]
[SourceVersionDate "2020.10.23"]
[SourceQuality "1"]

1. e4 c5 2. Nf3 d6 3. d4 cxd4 4. Nxd4 Nf6 5. Nc3 a6 6. Bg5 e6 7. f4 Be7 8. Qf3 Qc7 9. 0-0-0 Nbd7 10. Be2 h6 11. Bh4 Rb8 12. g4 b5 13. g5 hxg5 14. Bxg5 Bb7 15. Bd3 Nc5 16. a3 d5 17. Bxf6 Nxd3+ 18. Rxd3 gxf6 19. exd5 Rh4 20. Nde2 Rd8 21. Qg3 f5 22. Qg8+ Bf8 23. Re1 Rg4 24. Qh8 Ke7 25. Qd4 Bxd5 26. Qb4+ Ke8 27. Nxd5 Rxd5 28. Qb3 Rxd3 29. Qxd3 Bd6 30. Kb1 Bxf4 31. Nd4 Kf8 32. Rxe6 Rg1+ 33. Ka2 Qc4+ 34. Qxc4 bxc4 35. Rxa6 Bxh2 36. Nxf5 Kg8 37. Rc6 Rg5 38. Ne3 Kg7 39. Rxc4 f5 40. Rc5 Kg6 41. a4 Bb8 42. Rc4 Kh5 43. Nf1 f4 44. Rc6 Kg4 45. Nd2 Be5 46. Ne4 Rf5 47. Rg6+ 0-1

[Event "Sao Paulo op-B U2050 7th"]
[Site "Sao Paulo"]
[Date "2018.03.30"]
[Round "2"]
[White "Van Riemsdijk, Dirk Dagobert"]
[Black "Rech, Vinicius Savaris"]
[Result "1-0"]
[WhiteElo "1953"]
[BlackElo "1682"]
[PlyCount "43"]
[EventDate "2018.03.30"]
[EventType "swiss"]
[EventRounds "6"]
[EventCountry "BRA"]
[SourceTitle "EXT 2021"]
[Source "ChessBase"]
[SourceDate "2020.10.23"]
[SourceVersion "1"]
[SourceVersionDate "2020.10.23"]
[SourceQuality "1"]

1. e4 c5 2. Nf3 a6 3. c4 d6 4. d4 cxd4 5. Nxd4 Nf6 6. Nc3 e6 7. Be3 Be7 8. Be2 Nbd7 9. Rc1 Qc7 10. 0-0 Ne5 11. f4 Nc6 12. Bf3 Bd7 13. Nd5 exd5 14. cxd5 Rc8 15. dxc6 Bxc6 16. Nxc6 bxc6 17. e5 dxe5 18. Rxc6 Qd7 19. Rxc8+ Qxc8 20. Qa4+ Kf8 21. Rc1 Qd7 22. Qxd7 1-0

[Event "Curitiba op"]
[Site "Curitiba"]
[Date "2018.02.23"]
[Round "1"]
[White "Rech, Vinicius Savaris"]
[Black "Matsuura, Frederico"]
[Result "0-1"]
[WhiteElo "1702"]
[BlackElo "2301"]
[PlyCount "80"]
[EventDate "2018.02.23"]
[EventType "swiss"]
[EventRounds "6"]
[EventCountry "BRA"]
[SourceTitle "CBM 183 Extra"]
[Source "ChessBase"]
[SourceDate "2018.04.19"]
[SourceVersion "1"]
[SourceVersionDate "2018.04.19"]
[SourceQuality "1"]

1. e4 c5 2. Nf3 e6 3. d4 cxd4 4. Nxd4 Nf6 5. Nc3 d6 6. Be3 a6 7. Be2 Be7 8. Qd2 b5 9. a3 Bb7 10. f3 h5 11. 0-0-0 Nbd7 12. Kb1 Qc7 13. Bxb5 axb5 14. Ndxb5 Qb8 15. Nxd6+ Bxd6 16. Qxd6 Qxd6 17. Rxd6 Ke7 18. Rhd1 Rhc8 19. Na2 Ne5 20. Bg5 Ke8 21. Bxf6 gxf6 22. Nb4 Rc7 23. b3 h4 24. h3 Ke7 25. a4 Ng6 26. Kb2 Nf4 27. R1d2 Rg8 28. a5 Nxg2 29. a6 Ba8 30. c4 Ne1 31. Ka3 Nxf3 32. Rd1 Bxe4 33. Rb6 Ne5 34. Re1 f5 35. Rd1 f4 36. Rd4 f5 37. Rdd6 Nd7 38. Rxe6+ Kf7 39. Rbd6 f3 40. Rh6 f2 0-1

[Event "Sao Bento do Sul op 06"]
[Site "Sao Bento do Sul"]
[Date "2017.06.10"]
[Round "4"]
[White "Venter, Paulo Regis"]
[Black "Rech, Vinicius Savaris"]
[Result "1-0"]
[WhiteElo "1609"]
[BlackElo "1719"]
[PlyCount "63"]
[EventDate "2017.06.09"]
[EventType "swiss"]
[EventRounds "6"]
[EventCountry "BRA"]
[SourceTitle "EXT 2019"]
[Source "ChessBase"]
[SourceDate "2018.10.10"]
[SourceVersion "1"]
[SourceVersionDate "2018.10.10"]
[SourceQuality "1"]

1. c4 e6 2. Nc3 f5 3. d4 Nf6 4. g3 c6 5. Nf3 Be7 6. Bg2 0-0 7. 0-0 d5 8. Qb3 Nbd7 9. c5 h6 10. Qa3 b5 11. b4 a5 12. Qb2 Qe8 13. a4 axb4 14. Qxb4 Nb6 15. Bf4 Nc4 16. axb5 Rxa1 17. Rxa1 g5 18. Bd6 Bxd6 19. cxd6 Qd7 20. Ne5 Qxd6 21. Qxd6 Nxd6 22. bxc6 Nf7 23. Ra8 Nxe5 24. dxe5 Ng4 25. f4 Ne3 26. Nb5 Nc4 27. Nd6 Nb6 28. Rb8 Nd7 29. Rxc8 Rxc8 30. Nxc8 Nc5 31. Nd6 Na6 32. Nb5 1-0